000 00549nam a22001937a 4500
003 0
005 20251103143948.0
008 240920b xxu||||| |||| 00| 0 eng d
020 _a978-93-575172-7-0
050 _aP 96
_b.F73 2024
100 _aFraser, Janic
245 _aMedia publicity and coverage
_cFraser, Janic
260 _aNew Delhi India
_bRandom publications
_cC2024
300 _avi, 238p.
_c24cm.
504 _aIncludes bibliographical references and index.
650 _aPress coverage.
650 _aMass media.
942 _2lcc
_cBK
999 _c366299
_d366299